[Event "Athens op 08"]
[Site "Athens"]
[Date "2012.08.07"]
[Round "6"]
[White "Koliopoulos, Konstantinos"]
[Black "Megoulis, Konstantinos"]
[Result "1-0"]
[WhiteElo "2243"]
[BlackElo "1764"]
[PlyCount "61"]
[EventDate "2012.07.30"]
[EventType "swiss"]
[EventRounds "7"]
[EventCountry "GRE"]
[SourceTitle "EXT 2014"]
[Source "ChessBase"]
[SourceDate "2013.11.20"]
[SourceVersion "1"]
[SourceVersionDate "2013.11.20"]
[SourceQuality "1"]

1. d4 d5 2. c4 e6 3. Nc3 Nf6 4. cxd5 exd5 5. Bg5 Be7 6. e3 0-0 7. Qc2 b6 8. Bd3 h6 9. Bh4 Bb7 10. Nf3 Nbd7 11. Rd1 c5 12. 0-0 a5 13. dxc5 bxc5 14. Bb5 Ba6 15. Bxa6 Rxa6 16. Nxd5 Nxd5 17. Rxd5 Bxh4 18. Nxh4 Qxh4 19. Rxd7 Qg4 20. Qd1 Qe6 21. Qd5 Qb6 22. Rb7 Qc6 23. Rd1 Rb6 24. Qxc6 Rxc6 25. Kf1 c4 26. Rb5 Ra8 27. Rc1 g5 28. h3 a4 29. a3 Rd8 30. Ke2 Kg7 31. Rb4 1-0